Ghazals
Saved in:
| Other Authors: | , |
|---|---|
| Format: | Audio |
| Language: | Urdu |
| Published: |
[Bombay?] :
Amrit Vani,
[1984?]
|
| Subjects: | |
| Tags: |
Add Tag
No Tags, Be the first to tag this record!
|
| LEADER | 01037njm a2200277Ia 4500 | ||
|---|---|---|---|
| 001 | 008310285-X | ||
| 005 | 20090713025326.0 | ||
| 008 | 871022s1984 ii zzn urd d | ||
| 028 | 0 | 2 | |a CC 5018 |b Amrit Vani |
| 035 | 0 | |a ocm16886797 | |
| 040 | |a UIU |c UIU |d HMU | ||
| 043 | |a a-ii--- | ||
| 048 | |a vy |a zn | ||
| 090 | |a M1808.A44 |b G4 | ||
| 100 | 1 | |a Ali, Chirag. |4 prf | |
| 240 | 1 | 0 | |a Ghazals. |k Selections |
| 245 | 1 | 0 | |a Ghazals |h [sound recording] / |c [Chirag Ali, Najaf Ali ; music, Vinod Shankar]. |
| 260 | |a [Bombay?] : |b Amrit Vani, |c [1984?] | ||
| 300 | |a 1 sound cassette (ca. 60 min.) : |b analog, stereo. | ||
| 546 | |a Sung in Urdu. | ||
| 505 | 0 | |a Naraaz no ho gar do lamhe, hum tere dware aa baithe -- Saqi sharab la -- Woh ajnabi hai -- Har lehza door hi door hate na jaaiye -- Chand lamhe yahan milenge hum -- Bazm ki bazm choor hai saqi -- Garmiye hasrte nakan se jal jate hain. | |
| 650 | 0 | |a Music |z India. | |
| 650 | 0 | |a Ghazals, Urdu. | |
| 700 | 1 | |a ʻĀṣī Jalālpūrī, Najaf ʻAlī Khān. |4 prf | |
| 988 | |a 20020608 | ||
| 906 | |0 OCLC | ||


